Frenos y contrapesos del poder: el ejemplo de los 200 años de la Constitución americana
I tiakina i:
| Ngā kaituhi matua: | , |
|---|---|
| Hōputu: | Pukapuka |
| Reo: | Pāniora |
| I whakaputaina: |
Barcelona
Tesys
1987
Barcelona Bosch 1987 |
| Ngā marau: | |
| Ngā Tūtohu: |
Tāpirihia he Tūtohu
Kāore He Tūtohu, Me noho koe te mea tuatahi ki te tūtohu i tēnei pūkete!
|
MARC
| LEADER | 00000nam a2200000 a 4500 | ||
|---|---|---|---|
| 001 | UCT9581 | ||
| 003 | CL-VaPUC | ||
| 008 | 970411e19870000sp |||||||||||||||||spa|d | ||
| 082 | 0 | 4 | |a 342.03 |b FRI |2 21 |
| 100 | 0 | |a Friendly, Fred W |e author |9 382418 | |
| 700 | 0 | |a Elliott, Martha J |e author |9 382419 | |
| 245 | 1 | 0 | |a Frenos y contrapesos del poder: el ejemplo de los 200 años de la Constitución americana |
| 300 | |a 399 p | ||
| 942 | |c BK | ||
| 945 | |d 19970411 00:00:00 |a paguirre | ||
| 260 | |a Barcelona |b Tesys |c 1987 | ||
| 260 | |a Barcelona |b Bosch |c 1987 | ||
| 650 | 0 | |a Constituciones |9 255417 | |
| 650 | 0 | |a Derecho constitucional |9 222588 | |
| 650 | 0 | |a Derechos civiles y políticos |9 338684 | |
| 650 | 7 | |a SISTEMAS POLITICOS |2 CL-VaPUC |9 382420 | |
| 650 | 0 | |a Derechos humanos |9 223025 | |
| 651 | 0 | |a Estados Unidos |9 255178 | |
| 583 | |a last modification |c 20171214 01:35:58 |k Rodrigo Vera | ||
| 999 | |c 257964 |d 257962 | ||
| 952 | |0 0 |1 0 |4 0 |6 342_030000000000000_FRI_1987_1987 |7 0 |8 A |9 281691 |a BIBDER |b BIBDER |d 2019-11-19 |i 1826336 |o 342.03 FRI 1987 1987 |p 1826336 |r 2023-01-25 |w 2019-11-19 |y BK |k DER | ||